Exodus immigration and multiculturalism in the 21st century
Gespeichert in:
| 1. Verfasser: | |
|---|---|
| Format: | Buch |
| Sprache: | Englisch |
| Veröffentlicht: |
London
Penguin Books
2014
|
| Schlagworte: | |
| Tags: |
Keine Tags, Fügen Sie das erste Tag hinzu!
|
MARC
| LEADER | 00000nam a2200000 4500 | ||
|---|---|---|---|
| 001 | 0204350 | ||
| 005 | 20240311131217.5 | ||
| 020 | |a 978-0-141-04216-9 | ||
| 041 | 0 | |a eng | |
| 044 | |a GB | ||
| 245 | 1 | 0 | |a Exodus |b immigration and multiculturalism in the 21st century |c Paul Collier |
| 264 | 1 | |a London |b Penguin Books |c 2014 | |
| 300 | |a 309 s. | ||
| 610 | 2 | 0 | |a migrácia |
| 610 | 2 | 0 | |a imigrácia |
| 610 | 2 | 0 | |a politika migračná |
| 610 | 2 | 0 | |a pohyb obyvateľstva |
| 610 | 2 | 0 | |a dôsledky sociálne |
| 610 | 2 | 0 | |a situácia politická |
| 610 | 2 | 0 | |a situácia hospodárska |
| 100 | 1 | |a Collier, Paul | |